| 000 | 00469nam a22001697a 4500 | ||
|---|---|---|---|
| 003 | BD-DhUL | ||
| 005 | 20180319152657.0 | ||
| 008 | 180319s1954 pk ||||| |||| 00| 0 urd d | ||
| 040 |
_aBD-DhUL _cBD-DhUL |
||
| 082 |
_a320 _bAKA |
||
| 100 | 0 | _aاکبت خاں | |
| 245 | 1 |
_aاسلحۂ جنگ / _cاکبت خاں |
|
| 260 |
_aلاہور : _bفیروز سنز، _c۱۹۵۴۔ |
||
| 300 |
_aص۔ ۱۱۵ ؛ _c۲۴ سم۔ |
||
| 650 | 0 | _aPolitical siciences | |
| 942 |
_2ddc _cBK |
||
| 999 |
_c239402 _d239402 |
||